Countries you can fly to from Warsaw Airport (WAW) - Statistics

General Stats
  • This quiz has been taken 30 times
  • The average score is 56 of 57
Answers on the Map
Answers color-coded by a green-red scale on the quiz's map according to % correct below.
 
Answer Stats
Number of destinations Country % Correct
1 Albania
100%
2 Austria
100%
2 Belgium
100%
1 Bosnia and Herzegovina
100%
2 Bulgaria
100%
1 Canada
100%
1 China
100%
4 Croatia
100%
2 Czechia
100%
2 Denmark
100%
3 Egypt
100%
1 Estonia
100%
2 Finland
100%
5 France
100%
7 Germany
100%
8 Greece
100%
1 Hungary
100%
1 Iceland
100%
1 India
100%
1 Israel
100%
14 Italy
100%
1 Japan
100%
1 Latvia
100%
1 Malta
100%
1 Montenegro
100%
2 Netherlands
100%
3 Norway
100%
10 Poland
100%
4 Portugal
100%
1 Qatar
100%
5 Romania
100%
1 Serbia
100%
2 Slovakia
100%
1 Slovenia
100%
1 South Korea
100%
13 Spain
100%
3 Sweden
100%
3 Switzerland
100%
4 Turkey
100%
3 United Arab Emirates
100%
5 United Kingdom
100%
6 United States
100%
1 Armenia
96%
1 Azerbaijan
96%
2 Georgia
96%
1 Ireland
96%
1 Lithuania
96%
1 Luxembourg
96%
2 Morocco
96%
1 North Macedonia
96%
1 Thailand
96%
1 Moldova
92%
1 Saudi Arabia
92%
2 Cyprus
88%
2 Kazakhstan
81%
1 Lebanon
77%
1 Uzbekistan
77%
No matching quizzes found
Score Distribution
Percent of People with Each Score
Percentile by Number Answered
Your Score History
You have not taken this quiz